Posúdenie miery koncentrácie vo vybranom výrobnom odvetví v prostredí Slovenskej republiky bakalárska práca

Enregistré dans:
Détails bibliographiques
Auteur principal: Žiška, Martin
Collectivité auteur: Fakulta podnikového manažmentu EU. Katedra podnikovohospodárska
Autres auteurs: Hojdik, Vladimír, 1992-
Format: Livre
Langue:slovaque
Publié: Bratislava 2023
Tags: Ajouter un tag
Pas de tags, Soyez le premier à ajouter un tag!

MARC

LEADER 00000nbm a2200000 4500
001 0293563
005 20240423100457.0
041 0 |a slo 
044 |a SK 
245 1 0 |a Posúdenie miery koncentrácie vo vybranom výrobnom odvetví v prostredí Slovenskej republiky  |b bakalárska práca  |c Martin Žiška ; školiteľ: Vladimír Hojdik 
264 1 |a Bratislava  |c 2023 
300 |a 42 s. 
100 1 |a Žiška, Martin 
700 1 |a Hojdik, Vladimír, 1992- 
710 2 |a Fakulta podnikového manažmentu EU. Katedra podnikovohospodárska